MARC
| LEADER | 00000nam0a2200000 4500 | ||
|---|---|---|---|
| 001 | 602821 | ||
| 003 | CLAVIS | ||
| 005 | 20260218221834.0 | ||
| 008 | 260218b |||||||| |||| 00| 0 eng d | ||
| 020 | |a 9788889593172 | ||
| 040 | |c arcigay verona | ||
| 082 | |a 851.92 | ||
| 100 | |a Bellini, Anna | ||
| 245 | |a Amare Picasso / |c Anna Bellini | ||
| 260 | |a Negrar, |b Jago, |c 2010 | ||
| 300 | |a 113 p. ; |c 17 cm | ||
| 490 | |a I Bardi | ||
| 942 | |2 ddc |c BK |n 0 | ||
| 952 | |0 0 |1 0 |2 ddc |4 0 |6 851_920000000000000_BEL_AMA |7 0 |9 33082 |a VR |b VR |d 2026-02-18 |i 58 |l 0 |o 851.92 BEL AMA |p OBE-58 |r 2026-02-18 22:18:48 |w 2026-02-18 |y BK | ||
| 999 | |c 28741 |d 28741 | ||